Statistics for Top NFL Fantasy Football Performers

Click here to take the quiz!

General Stats

  • This quiz has been taken 20,686 times
    (4,948 since last reset)
  • The average score is 24 of 56

Answer Stats

PositionPlayer% Correct
QuarterbackTom Brady
97%
QuarterbackP. Mahomes
89%
QuarterbackAaron Rodgers
83%
QuarterbackLamar Jackson
83%
QuarterbackPeyton Manning
83%
Tight EndR. Gronkowski
74%
ReceiverCalvin Johnson
71%
QuarterbackJosh Allen
71%
Tight EndTravis Kelce
71%
ReceiverJerry Rice
70%
Running BackChris Johnson
69%
ReceiverCooper Kupp
69%
Running BackDavid Johnson
69%
Running BackLarry Johnson
69%
QuarterbackDrew Brees
67%
Running BackL. Tomlinson
64%
ReceiverRandy Moss
62%
Running BackEmmitt Smith
61%
Tight EndJackie Smith
61%
Tight EndTony Gonzalez
60%
ReceiverAntonio Brown
56%
QuarterbackJustin Herbert
52%
ReceiverDavante Adams
51%
QuarterbackCam Newton
46%
Running BackJonathan Taylor
45%
QuarterbackKyler Murray
44%
Tight EndGeorge Kittle
43%
ReceiverTyreek Hill
41%
Tight EndMark Andrews
38%
Tight EndAntonio Gates
36%
Running BackMarshall Faulk
35%
Running BackC. McCaffrey
34%
QuarterbackDeshaun Watson
34%
Running BackS. Alexander
31%
QuarterbackSteve Young
28%
Running BackTerrell Davis
28%
Tight EndVernon Davis
28%
Tight EndJimmy Graham
27%
Running BackPriest Holmes
27%
Running BackEric Dickerson
25%
ReceiverDeebo Samuel
23%
Running BackO.J. Simpson
23%
Running BackAhman Green
22%
ReceiverMarvin Harrison
22%
Running BackEdgerrin James
20%
Tight EndMike Ditka
18%
QuarterbackD. Culpepper
17%
Tight EndKellen Winslow
17%
ReceiverIsaac Bruce
15%
Running BackArian Foster
13%
Tight EndDallas Clark
11%
ReceiverHerman Moore
8%
ReceiverMark Clayton
7%
ReceiverElroy Hirsch
5%
Tight EndT. Christensen
5%
Tight EndPete Retzlaff
3%

Score Distribution

Percentile by Number Answered

Percent of People with Each Score

Your Score History

You have not taken this quiz since the last reset